000 00406nam a22001337a 4500
999 _c524990
_d524990
008 240205b ||||| |||| 00| 0 eng d
100 _aAhmad, Shiraz and Ahmad, Farooq
_951009
245 _aPeasant movement in Jammu and Kashmir (931-46)
260 _aSocial Scientist
300 _a519(9-10), Sep-Oct, 2023: p.55-66
773 _aSocial Scientist
906 _aPEASANT MOVEMENTS
942 _cAR